000 00572nam a2200193 i 4500
001 146342
003 ES-MaACL
005 20230906201512.0
007 t|
008 070906s1977 sp ||||1| cat d
080 _a32(467.1)(04)
100 1 _aTrías Fargas, Ramón.
_9111378
245 1 0 _aSolucions per a Catalunya /
_cRamón Trias Fargas ; recopilació i próleg, Fermi Vergés.
250 _a[1ª ed.].
260 _a[Barcelona] :
_bPortic,
_c[1977]
300 _a325 p. ;
_c20 cm.
700 1 _aVergés, Fermí.
_9114101
852 _aES-MaACL
_jA-7164
_bR.95820
999 _c146342
_d146342